LEADER 01652nam a2200349 u 4500 001 000000032860 003 CaOOAMICUS 005 20070226112311.0 008 971023s1962 it aef u000 u ita u 035 $a10774079 040 $aPUL(R)$bita$dBAV 100 1 $aBagatti, Bellarmino,$cO.F.M.,$d1905-$0(OLS)http://pul/name/111 245 12$aL'archeologia cristiana in Palestina /$cBellarmino Bagatti. 260 $aFirenze :$bSansoni,$cc1962. 300 $a283 p., [16] p. di tav. :$bill., piante ;$c17 cm 490 1 $aLe piccole storie illustrate ;$v97 500 $aInclude indici. 504 $aBibliografia: p. 255-262. 650 4$aAntichità cristiane.$0(OLS)http://pul/subject/2303 651 4$aPalestina$xAntichità.$0(OLS)http://pul/subject/16118 651 4$aPalestina$xArcheologia.$0(OLS)http://pul/subject/16119 830 3$aLe piccole storie illustrate ;$v97.$0(OLS)http://pul/title/7025 850 $aPUL 852 $aPUL$W1$xSL Religione 1$y3$m9 H 10$j45210$nBK-PRI$b $qStampati$B45210$CPULBib$Z2$F45210 $H $81 852 $aPUL$W1$xDP1 Fondo Ciprotti$y59$m1534 A 30$j45211$nBK-PRI$b $qFondi$B45211$CPULBib$Z2$F45211 $H $81 852 $aPUL$W1$xDP1 Fondo Cecchetti$y53$m282 C 38$j45212$nBK-PRI$b $qFondi$B45212$CPULBib$Z2$F45212 $HPUL5265 $81 941 1 $a8 941 1 $a1 961 $aINV: 77. -- Fondo Mons. Cecchetti. 961 $aINV: 0459. Fondo Ciprotti 996 $6245$aL'archeologia cristiana in Palestina$9(OLS)http://pul/title/45304 996 $6260$aFirenze :$bSansoni$9(OLS)http://pul/publisher/47896 LEADER 01401nam a2200313 a 4500 001 000000175362 003 CaOOAMICUS 005 20220722130658.0 008 220722s2019 it aod u000 u ita r 020 $a978-88-3285-502-9* 032 $aLibriCat 040 $aPUL$bita 082 04$a306.45 100 1 $aDorato, Mauro.$0(OLS)http://pul/name/44438 245 10$aDisinformazione scientifica e democrazia : $bla competenza dell'esperto e l'autonomia del cittadino / $cMauro Dorato. 260 $aMilano :$bRaffaello Cortina,$c©2019. 300 $a163 p. :$bfotogr.,graf.,ill. ;$c23 cm 490 1 $aScienza e idee ;$v308 504 $aBibliografia p.159-163. 650 4$aScienze e società.$0(OLS)http://pul/subject/22309 830 0$aScienza e idee (Raffaello Cortina) ;$v308.$0(OLS)http://pul/title/60185 850 $aPUL 852 $aPUL$W1$xSL Diritto e Scienze Sociali 3$y79$m306. 45 DORMA 1$j199566$qDDC 21$B204287$CPULBib$Z2$F204287 $H135728 $82 941 1 $a9 996 $6020$a978-88-3285-502-9*$9(OLS)http://pul/number/168755 996 $6082$a306.45$9(OLS)http://pul/classification/1802 996 $6245$aDisinformazione scientifica e democrazia : $bla competenza dell'esperto e l'autonomia del cittadino / $9(OLS)http://pul/title/216787 996 $6260$aMilano :$bRaffaello Cortina$9(OLS)http://pul/publisher/63509